El proceso de implementación de las Normas Internacionales de Contabilidad en la empresa argentina (Registro nro. 11475)
[ vista simple ]
| 000 -LEADER | |
|---|---|
| fixed length control field | 00365 a2200109 4500 |
| 001 - CONTROL NUMBER | |
| control field | ART_6661 |
| 005 - DATE AND TIME OF LATEST TRANSACTION | |
| control field | 20260410161620.0 |
| 008 - FIXED-LENGTH DATA ELEMENTS--GENERAL INFORMATION | |
| fixed length control field | 260409a |
| 100 1# - MAIN ENTRY--PERSONAL NAME | |
| Personal name | Luppi, Hugo Alberto |
| 245 10 - TITLE STATEMENT | |
| Title | El proceso de implementación de las Normas Internacionales de Contabilidad en la empresa argentina |
| 773 0# - HOST ITEM ENTRY | |
| Title | Enfoques |
| Related parts | - Nº 11 (nov. 2009) |
| Record control number | REV416 |
No hay ítems disponibles.